000 00667nam a2200229 a 4500
008
020 _a0155027042 (cased)
049 _aMAIN
090 _aQA278
_bCLI
100 1 _aCliff, Norman.
245 1 0 _aAnalyzing multivariate data /
_cNorman Cliff.
260 _aSan Diego, Calif. :
_bHarcourt Brace Jovanovich,
_cc1987.
300 _axxiv, 494 p. ;
_c24 cm.
504 _aIncludes bibliographical references.
500 _aIncludes index.
650 0 _aMultivariate analysis.
907 _a.b1004551x
_b24-04-12
_c17-04-03
003
005 20230123133216.0
040 _cNUST
942 _cBOOKS
_kQA278
_mCLI
999 _c144613
_d144613